Gaming Quiz

Random Gaming or Pokémon Quiz
Score 0/10 Timer 05:00
8 Plays Today
% Correct
#001 - Bulbasaur
85.4%
#002 - Ivysaur
80.7%
#006 - Charizard
70.7%
#019 - Rattata
56.8%
#063 - Abra
53.4%
#026 - Raichu
52.4%
#092 - Gastly
40.4%
#041 - Zubat
38.4%
#040 - Wigglytuff
36.9%
#120 - Staryu
31.7%
Remove Ads.
Support Sporcle.
Get the best of Sporcle when you Go Orange. This ad-free experience offers more features, more stats, and more fun while also helping to support Sporcle. Thank you for becoming a member.

You're not logged in!

Compare scores with friends on all Sporcle quizzes.
OR
Log In

Sporcle TV

Today on Sporcle TV


Watch our educational content, quiz creation guides, and fun videos on Sporcle TV.

Show Comments

Extras

Top Quizzes Today


Score Distribution

Paid Content

Your Account Isn't Verified!

In order to create a playlist on Sporcle, you need to verify the email address you used during registration. Go to your Sporcle Settings to finish the process.

Report this User

Report this user for behavior that violates our Community Guidelines.

Details: